000 00640nam a2200193Ia 4500
008 140925s9999 xx 000 0 und d
020 _a1468-2419
100 _aLewis, Paul.
245 _aInternational journal of training and development /
_cPaul Lewis.
_h[electronic resource]
260 _bJohn Wiley & Sons, Inc.,
_cc2014.
516 _aElectronic text
650 _aHuman Resource Management.
650 _aJournal.
650 _aTraining Development.
830 _aJohn Wiley & Sons, Inc.
856 _uhttp://onlinelibrary.wiley.com/journal/10.1111/%28ISSN%291468-2419
942 _cEJ
999 _c275803
_d275803